000 00603nam a2200241 a 4500
001 nice12345678
003 IN_TiNIC
005 20260116014103.0
008 080110s2007 oxfa grp 000 0 eng
020 _a1851683542
_c225
082 0 0 _a297.12207
_bESA
100 _aEsack, Farid
245 _aQuran
_b A User`s Guide
260 _aOxford
_bOne World Publications
_c2007
300 _a214p
500 _aincludes index and biblioraphy
505 2 _abiblio,index
650 _aQuran-Study and Teaching
700 1 _aEsack, Farid
902 _bSRS
942 _cBK
999 _c13819
_d13819